Best team in every state (NHL, MLB, NFL, NBA) - Statistics

General Stats
  • This quiz has been taken 223 times
  • The average score is 17 of 26
Answer Stats
Hint Answer % Correct
Arizona Suns (.532)
83%
California Lakers (.595)
78%
Colorado Broncos (.529)
77%
New York Yankees (.568)
77%
Massachusetts Patriots (.561)
76%
Wisconsin Packers (.572)
74%
North Carolina Panthers (.508)
74%
Illinois Bears (.562)
72%
Georgia Braves (.501)
72%
New Jersey Devils (.491)
71%
Minnesota Vikings (.544)
67%
Indiana Colts (.529)
66%
Maryland Ravens (.564)
66%
Louisiana Saints (.466)
66%
Oklahoma Thunder (.538)
65%
Michigan Tigers (.504)
65%
Nevada Golden Knights (.632)
63%
Washington D.C. Capitals (.533)
60%
Florida Dolphins (.552)
60%
Missouri Chiefs (.538)
58%
Washington Seahawks (.519)
56%
Oregon Trail Blazers (.537)
54%
Tennessee Predators (.557)
51%
Pennsylvania Flyers (.574)
50%
Texas Spurs (.614)
44%
Ohio Indians (.512)
43%
No matching quizzes found
Score Distribution
Percent of People with Each Score
Percentile by Number Answered
Your Score History
You have not taken this quiz